El cóndor de los páramos (Registro nro. 4441)

Detalles MARC
000 -CABECERA
Campo de control 00572nam a2200205 a 4500
005 - FECHA Y HORA DE LA ULTIMA TRANSACCION
Campo de control 20180803165206.0
008 - ELEMENTOS DE LONGITUD FIJA—INFORMACION GENERAL
Campo de control 160108b ck ||||| |||| 00| 0 spa d
040 ## - FUENTE DE CATALOGACIÓN
Agencia catalogadora original CO-BoIAVH
Agencia transcriptora CO-BoIAVH
041 ## - IDIOMA
Código de idioma para texto/pista de sonido o título separado Español
044 ## - PAÍS DE PUBLICACIÓN
País de publicación Colombia
090 ## - CLASIFICACIÓN LOCAL
Colección FG-
Consecutivo 0211
110 2# - ASIENTO PRINCIPAL--NOMBRE CORPORATIVO
Unidad subordinad Fundación Ornitológica del Ecuador.
9 (RLIN) 48301
245 13 - MENCION DE TITULO
Título El cóndor de los páramos
260 ## - PUBLICACION, DISTRIBUCION, ETC. (PIE DE IMPRENTA)
Lugar de publicación, distribución, etc. Quito:
Nombre del editor, distribuidor, etc. C.E.C.I.A.,
-- Pinturas Condor,
Fecha de publicación, distribución, etc. .
300 ## - DESCRIPCION FISICA
Extensión 11 páginas
650 1# - ASIENTO SECUNDARIO DE MATERIA - TERMINO TEMATICO
Término temático o nombre geográfico como elemento de entrada Fauna silvestre
9 (RLIN) 92225
650 1# - ASIENTO SECUNDARIO DE MATERIA - TERMINO TEMATICO
Término temático o nombre geográfico como elemento de entrada Cóndor de los Andes
9 (RLIN) 90224
650 1# - ASIENTO SECUNDARIO DE MATERIA - TERMINO TEMATICO
Término temático o nombre geográfico como elemento de entrada Páramo
9 (RLIN) 90225
942 ## - ELEMENTOS ADICIONALES (KOHA)
Tipo de ítem Folleto
Sistema de clasificación Local
Existencias
Withdrawn status Lost status Sistema de Clasificación Damaged status No para préstamo Colección Ubicación Permanente Ubicación actual Fecha de adquisición Total Checkouts Número topográfico Inventario / Código de Barras Date last seen Ejemplar Price effective from Forma de adquisición Tipo de material
    Local     Hemeroteca Bogotá Bogotá 16/05/2005   FG-0211 017930 04/12/2012 Ej. 1 04/12/2012 Donación Folleto